<?xml version="1.0" encoding="UTF-8"?>
<record
    xmlns:xsi="http://www.w3.org/2001/XMLSchema-instance"
    xsi:schemaLocation="http://www.loc.gov/MARC21/slim http://www.loc.gov/standards/marcxml/schema/MARC21slim.xsd"
    xmlns="http://www.loc.gov/MARC21/slim">

  <leader>01791cam a22001818i 4500</leader>
  <datafield tag="020" ind1=" " ind2=" ">
    <subfield code="a">9781633694118</subfield>
  </datafield>
  <datafield tag="040" ind1=" " ind2=" ">
    <subfield code="c">MH</subfield>
  </datafield>
  <datafield tag="082" ind1="0" ind2="0">
    <subfield code="a">152 HAR 2015 A117 Or.</subfield>
  </datafield>
  <datafield tag="245" ind1="0" ind2="0">
    <subfield code="a">HBR everyday emotional intelligence.</subfield>
  </datafield>
  <datafield tag="246" ind1="3" ind2=" ">
    <subfield code="a">Harvard Business Review everyday emotional intelligence</subfield>
  </datafield>
  <datafield tag="246" ind1="3" ind2="0">
    <subfield code="a">Everyday emotional intelligence</subfield>
  </datafield>
  <datafield tag="300" ind1=" " ind2=" ">
    <subfield code="a">pages cm</subfield>
  </datafield>
  <datafield tag="520" ind1=" " ind2=" ">
    <subfield code="a">According to research by Daniel Goleman, emotional intelligence has proved to be twice as important as other competencies such as technical skills and IQ in determining outstanding leadership. It is now one of the crucial criteria in hiring and promotion processes, performance evaluations, and professional development courses. And it's not innate--it's a skill that all of us can improve. With this double volume you'll get HBR's 10 Must Reads on Emotional Intelligence and the HBR Guide to Emotional Intelligence. That's 10 definitive HBR articles on emotional intelligence by Goleman and other leaders in the field, selected by our editors--paired with smart, focused advice from HBR experts about how to implement those ideas in your daily work life. With Everyday Emotional Intelligence, you'll learn how to: - Recognize your own EQ strengths and weaknesses - Regulate your emotions in tough situations - Manage difficult people - Build the social awareness of your team - Motivate yourself through ups and downs - Write forceful emails people won't misinterpret - Make better, less emotionally biased decisions - Help an employee develop emotional intelligence - Handle specific situations like crying at work, tense communications across different cultures, and making decisions without emotional bias--</subfield>
  </datafield>
  <datafield tag="650" ind1=" " ind2="0">
    <subfield code="a">Emotional intelligence.</subfield>
  </datafield>
  <datafield tag="650" ind1=" " ind2="0">
    <subfield code="a">Work</subfield>
  </datafield>
  <datafield tag="650" ind1=" " ind2="0">
    <subfield code="a">Psychology, Industrial.</subfield>
  </datafield>
  <datafield tag="942" ind1=" " ind2=" ">
    <subfield code="c">AEDBB</subfield>
  </datafield>
  <datafield tag="999" ind1=" " ind2=" ">
    <subfield code="c">17548</subfield>
    <subfield code="d">17548</subfield>
  </datafield>
  <datafield tag="952" ind1=" " ind2=" ">
    <subfield code="0">0</subfield>
    <subfield code="1">0</subfield>
    <subfield code="4">0</subfield>
    <subfield code="6">152_000000000000000_HAR_2015_A117_OR</subfield>
    <subfield code="7">0</subfield>
    <subfield code="9">76084</subfield>
    <subfield code="a">LBA</subfield>
    <subfield code="b">LBA</subfield>
    <subfield code="c">A117</subfield>
    <subfield code="d">2018-12-11</subfield>
    <subfield code="l">2</subfield>
    <subfield code="m">2</subfield>
    <subfield code="o">152 HAR 2015 A117 Or.</subfield>
    <subfield code="p">A40941</subfield>
    <subfield code="r">2021-06-09</subfield>
    <subfield code="s">2021-01-27</subfield>
    <subfield code="y">EK</subfield>
  </datafield>
  <datafield tag="952" ind1=" " ind2=" ">
    <subfield code="0">0</subfield>
    <subfield code="1">0</subfield>
    <subfield code="4">0</subfield>
    <subfield code="6">152_000000000000000_HAR_2015_A117_OR</subfield>
    <subfield code="7">0</subfield>
    <subfield code="9">76085</subfield>
    <subfield code="a">LBA</subfield>
    <subfield code="b">LBA</subfield>
    <subfield code="c">A117</subfield>
    <subfield code="d">2018-12-11</subfield>
    <subfield code="l">4</subfield>
    <subfield code="o">152 HAR 2015 A117 Or.</subfield>
    <subfield code="p">A40891</subfield>
    <subfield code="r">2022-12-01</subfield>
    <subfield code="s">2022-11-01</subfield>
    <subfield code="y">EK</subfield>
  </datafield>
</record>
